000 00244nam a2200097Ia 4500
008 170620s9999 xx 000 0 und d
100 _aModak.Pintu
245 0 _aEncyclopaedia of Sports & Physical Education
260 _bNew delhi.Khel.S.k
260 _c2000
300 _a140
999 _c27642
_d27642